| 000 | 00329nam a2200121Ia 4500 | ||
|---|---|---|---|
| 008 | 191014s9999 xx 000 0 und d | ||
| 082 |
_a570.1 _bZAR |
||
| 100 |
_aJerrold H. Zar _924025 |
||
| 245 | 0 | _aBiostatistical Analysis 4th Edition | |
| 260 |
_aPakistan _bNational Books Fundation |
||
| 300 | _aXii,663,APP,212 | ||
| 942 | _cBK | ||
| 999 |
_c531296 _d531296 |
||